Statistics for 1955-56 NCAA Men's Basketball AP Poll

Click here to take the quiz!

General Stats

  • This quiz has been taken 4 times
  • The average score is 174 of 303

Answer Stats

WeekRankTeamWLConference% Correct
Week 2 (12/13)13George Washington30SoCon
100%
Week 6 (1/10)14George Washington93SoCon
100%
Week 3 (12/20)11George Washington60SoCon
100%
Week 12 (2/21)19George Washington175SoCon
100%
Week 5 (1/3)7George Washington81SoCon
100%
Week 10 (2/7)19George Washington124SoCon
100%
Week 1 (12/6)13George Washington10SoCon
100%
Week 4 (12/27)12George Washington61SoCon
100%
Week 7 (1/17)10Louisville131Independent
100%
Week 13 (2/28)6Louisville223Independent
100%
Week 8 (1/24)9Louisville151Independent
100%
Week 4 (12/27)11Louisville70Independent
100%
Week 14 (3/6)6Louisville263Independent
100%
Week 10 (2/7)5Louisville181Independent
100%
Week 9 (1/31)5Louisville161Independent
100%
Week 6 (1/10)13Louisville101Independent
100%
Week 11 (2/14)4Louisville192Independent
100%
Week 12 (2/21)3Louisville212Independent
100%
Final Poll6Louisville263Independent
100%
Week 14 (3/6)10UCLA195Pacific Coast
100%
Week 13 (2/28)13UCLA175Pacific Coast
100%
Week 1 (12/6)16UCLA02Pacific Coast
100%
Week 11 (2/14)20UCLA135Pacific Coast
100%
Week 9 (1/31)20UCLA95Pacific Coast
100%
Week 7 (1/17)18UCLA85Pacific Coast
100%
Week 10 (2/7)18UCLA115Pacific Coast
100%
Week 12 (2/21)15UCLA155Pacific Coast
100%
Final Poll8UCLA195Pacific Coast
100%
Week 12 (2/21)7Alabama163SEC
75%
Week 8 (1/24)12Alabama103SEC
75%
Week 3 (12/20)16Alabama42SEC
75%
Week 11 (2/14)8Alabama143SEC
75%
Week 13 (2/28)4Alabama183SEC
75%
Final Poll5Alabama213SEC
75%
Week 4 (12/27)19Alabama52SEC
75%
Week 1 (12/6)6Alabama20SEC
75%
Week 14 (3/6)4Alabama203SEC
75%
Week 9 (1/31)12Alabama113SEC
75%
Week 5 (1/3)17Alabama63SEC
75%
Week 2 (12/13)5Alabama40SEC
75%
Week 10 (2/7)10Alabama123SEC
75%
Week 7 (1/17)13Alabama93SEC
75%
Week 6 (1/10)19Alabama73SEC
75%
Final Poll17Duke197ACC
75%
Week 9 (1/31)10Duke122ACC
75%
Week 14 (3/6)19Duke197ACC
75%
Week 11 (2/14)11Duke154ACC
75%
Week 4 (12/27)8Duke60ACC
75%
Week 6 (1/10)6Duke92ACC
75%
Week 3 (12/20)14Duke50ACC
75%
Week 5 (1/3)11Duke81ACC
75%
Week 10 (2/7)8Duke133ACC
75%
Week 12 (2/21)11Duke165ACC
75%
Week 8 (1/24)10Duke122ACC
75%
Week 7 (1/17)7Duke122ACC
75%
Week 13 (2/28)11Duke186ACC
75%
Week 13 (2/28)18Houston194Missouri Valley
75%
Week 14 (3/6)17Houston195Missouri Valley
75%
Week 12 (2/21)14Houston183Missouri Valley
75%
Week 11 (2/14)18Houston173Missouri Valley
75%
Week 2 (12/13)12Kentucky11SEC
75%
Week 9 (1/31)8Kentucky103SEC
75%
Week 11 (2/14)7Kentucky153SEC
75%
Week 13 (2/28)12Kentucky175SEC
75%
Week 4 (12/27)13Kentucky52SEC
75%
Final Poll9Kentucky195SEC
75%
Week 3 (12/20)9Kentucky41SEC
75%
Week 8 (1/24)3Kentucky102SEC
75%
Week 1 (12/6)2Kentucky10SEC
75%
Week 5 (1/3)6Kentucky62SEC
75%
Week 14 (3/6)9Kentucky195SEC
75%
Week 7 (1/17)4Kentucky92SEC
75%
Week 12 (2/21)8Kentucky164SEC
75%
Week 10 (2/7)7Kentucky133SEC
75%
Week 6 (1/10)5Kentucky72SEC
75%
Week 5 (1/3)2NC State110ACC
75%
Week 14 (3/6)2NC State243ACC
75%
Week 7 (1/17)3NC State121ACC
75%
Week 2 (12/13)2NC State40ACC
75%
Week 8 (1/24)4NC State132ACC
75%
Week 11 (2/14)5NC State182ACC
75%
Week 6 (1/10)3NC State111ACC
75%
Week 3 (12/20)2NC State70ACC
75%
Final Poll2NC State243ACC
75%
Week 9 (1/31)4NC State142ACC
75%
Week 4 (12/27)3NC State80ACC
75%
Week 12 (2/21)6NC State193ACC
75%
Week 1 (12/6)3NC State20ACC
75%
Week 13 (2/28)5NC State213ACC
75%
Week 10 (2/7)4NC State162ACC
75%
Week 9 (1/31)9North Carolina132ACC
75%
Week 8 (1/24)8North Carolina132ACC
75%
Week 6 (1/10)9North Carolina82ACC
75%
Week 7 (1/17)9North Carolina122ACC
75%
Week 11 (2/14)10North Carolina153ACC
75%
Week 4 (12/27)4North Carolina50ACC
75%
Week 14 (3/6)15North Carolina185ACC
75%
Week 5 (1/3)5North Carolina71ACC
75%
Final Poll13North Carolina185ACC
75%
Week 2 (12/13)16North Carolina30ACC
75%
Week 13 (2/28)8North Carolina174ACC
75%
Week 3 (12/20)6North Carolina60ACC
75%
Week 10 (2/7)12North Carolina133ACC
75%
Week 12 (2/21)9North Carolina163ACC
75%
Final Poll19Oklahoma A&M188Missouri Valley
75%
Week 7 (1/17)20Oklahoma A&M113Missouri Valley
75%
Week 8 (1/24)20Oklahoma A&M112Missouri Valley
75%
Week 1 (12/6)19Stanford20Pacific Coast
75%
Week 6 (1/10)20Utah83Mountain States
75%
Week 2 (12/13)3Utah30Mountain States
75%
Week 4 (12/27)7Utah52Mountain States
75%
Final Poll18Utah215Mountain States
75%
Week 7 (1/17)16Utah113Mountain States
75%
Week 3 (12/20)3Utah50Mountain States
75%
Week 1 (12/6)5Utah10Mountain States
75%
Week 14 (3/6)20Utah215Mountain States
75%
Week 9 (1/31)3Vanderbilt141SEC
75%
Week 7 (1/17)5Vanderbilt121SEC
75%
Week 14 (3/6)11Vanderbilt194SEC
75%
Week 2 (12/13)9Vanderbilt40SEC
75%
Week 5 (1/3)4Vanderbilt71SEC
75%
Week 11 (2/14)6Vanderbilt162SEC
75%
Week 12 (2/21)5Vanderbilt182SEC
75%
Week 8 (1/24)7Vanderbilt131SEC
75%
Week 13 (2/28)7Vanderbilt193SEC
75%
Final Poll12Vanderbilt194SEC
75%
Week 6 (1/10)4Vanderbilt82SEC
75%
Week 3 (12/20)8Vanderbilt40SEC
75%
Week 4 (12/27)5Vanderbilt61SEC
75%
Week 10 (2/7)3Vanderbilt151SEC
75%
Week 14 (3/6)14West Virginia218SoCon
75%
Final Poll20West Virginia218SoCon
75%
Week 5 (1/3)19West Virginia72SoCon
75%
Week 2 (12/13)15West Virginia30SoCon
75%
Week 1 (12/6)14West Virginia10SoCon
75%
Week 3 (12/20)5BYU60Mountain States
50%
Week 1 (12/6)10BYU20Mountain States
50%
Week 2 (12/13)8BYU40Mountain States
50%
Week 4 (12/27)20BYU62Mountain States
50%
Week 13 (2/28)2Illinois172Big Ten
50%
Week 6 (1/10)8Illinois71Big Ten
50%
Week 9 (1/31)6Illinois111Big Ten
50%
Week 3 (12/20)17Illinois31Big Ten
50%
Week 14 (3/6)7Illinois183Big Ten
50%
Week 8 (1/24)5Illinois101Big Ten
50%
Week 12 (2/21)2Illinois161Big Ten
50%
Week 4 (12/27)9Illinois51Big Ten
50%
Week 11 (2/14)3Illinois141Big Ten
50%
Final Poll10Illinois184Big Ten
50%
Week 7 (1/17)6Illinois101Big Ten
50%
Week 5 (1/3)9Illinois61Big Ten
50%
Week 1 (12/6)8Illinois00Big Ten
50%
Week 10 (2/7)6Illinois121Big Ten
50%
Week 6 (1/10)12Indiana81Big Ten
50%
Week 3 (12/20)18Indiana31Big Ten
50%
Week 2 (12/13)19Indiana20Big Ten
50%
Week 5 (1/3)13Indiana61Big Ten
50%
Week 9 (1/31)19Iowa75Big Ten
50%
Week 10 (2/7)17Iowa85Big Ten
50%
Week 4 (12/27)6Iowa31Big Ten
50%
Week 12 (2/21)13Iowa125Big Ten
50%
Week 11 (2/14)15Iowa105Big Ten
50%
Week 3 (12/20)10Iowa31Big Ten
50%
Final Poll4Iowa175Big Ten
50%
Week 13 (2/28)10Iowa145Big Ten
50%
Week 8 (1/24)13Iowa65Big Ten
50%
Week 14 (3/6)5Iowa165Big Ten
50%
Week 1 (12/6)4Iowa10Big Ten
50%
Week 2 (12/13)4Iowa20Big Ten
50%
Week 7 (1/17)20Iowa55Big Ten
50%
Week 12 (2/21)20Iowa State163Big Seven
50%
Week 6 (1/10)15Iowa State82Big Seven
50%
Week 5 (1/3)8Iowa State81Big Seven
50%
Week 2 (12/13)18Kansas30Big Seven
50%
Week 13 (2/28)17Kansas State156Big Seven
50%
Week 3 (12/20)13Marquette51Independent
50%
Week 1 (12/6)14Marquette10Independent
50%
Week 7 (1/17)15Memphis State111Independent
50%
Week 8 (1/24)19Memphis State122Independent
50%
Week 9 (1/31)16Memphis State132Independent
50%
Week 11 (2/14)19Memphis State173Independent
50%
Week 5 (1/3)12Memphis State70Independent
50%
Week 6 (1/10)17Memphis State91Independent
50%
Week 3 (12/20)18Memphis State50Independent
50%
Week 4 (12/27)16Michigan State40Big Ten
50%
Week 5 (1/3)20Michigan State51Big Ten
50%
Week 1 (12/6)20Minnesota10Big Ten
50%
Week 4 (12/27)15Ohio State61Big Ten
50%
Week 1 (12/6)16Ohio State11Big Ten
50%
Week 5 (1/3)10Ohio State71Big Ten
50%
Week 7 (1/17)11Ohio State92Big Ten
50%
Week 6 (1/10)7Ohio State81Big Ten
50%
Week 4 (12/27)17Rice80Southwest
50%
Week 5 (1/3)18Rice91Southwest
50%
Week 7 (1/17)17Saint Louis102Missouri Valley
50%
Week 11 (2/14)17Saint Louis144Missouri Valley
50%
Week 9 (1/31)11Saint Louis122Missouri Valley
50%
Week 2 (12/13)17Saint Louis30Missouri Valley
50%
Week 13 (2/28)19Saint Louis175Missouri Valley
50%
Week 8 (1/24)17Saint Louis112Missouri Valley
50%
Week 10 (2/7)11Saint Louis142Missouri Valley
50%
Week 9 (1/31)1San Francisco140California BB Assoc.
50%
Week 3 (12/20)1San Francisco50California BB Assoc.
50%
Week 13 (2/28)1San Francisco210California BB Assoc.
50%
Week 7 (1/17)1San Francisco130California BB Assoc.
50%
Week 6 (1/10)1San Francisco110California BB Assoc.
50%
Week 4 (12/27)1San Francisco70California BB Assoc.
50%
Week 12 (2/21)1San Francisco200California BB Assoc.
50%
Final Poll1San Francisco250California BB Assoc.
50%
Week 14 (3/6)1San Francisco240California BB Assoc.
50%
Week 8 (1/24)1San Francisco130California BB Assoc.
50%
Week 1 (12/6)1San Francisco20California BB Assoc.
50%
Week 2 (12/13)1San Francisco30California BB Assoc.
50%
Week 10 (2/7)1San Francisco150California BB Assoc.
50%
Week 5 (1/3)1San Francisco100California BB Assoc.
50%
Week 11 (2/14)1San Francisco180California BB Assoc.
50%
Week 13 (2/28)9SMU212Southwest
50%
Week 10 (2/7)15SMU162Southwest
50%
Week 8 (1/24)18SMU132Southwest
50%
Week 14 (3/6)8SMU222Southwest
50%
Week 7 (1/17)19SMU132Southwest
50%
Week 12 (2/21)12SMU192Southwest
50%
Week 9 (1/31)17SMU142Southwest
50%
Week 11 (2/14)12SMU172Southwest
50%
Final Poll7SMU222Southwest
50%
Week 14 (3/6)18Wake Forest199ACC
50%
Week 6 (1/10)18Wake Forest85ACC
50%
Week 13 (2/28)20Wake Forest178ACC
50%
Final Poll16Wake Forest199ACC
50%
Week 2 (12/13)14Cincinnati30Independent
25%
Week 10 (2/7)20Cincinnati133Independent
25%
Week 8 (1/24)14Cincinnati123Independent
25%
Week 5 (1/3)20Cincinnati72Independent
25%
Week 6 (1/10)20Cincinnati82Independent
25%
Week 3 (12/20)4Dayton60Independent
25%
Week 14 (3/6)3Dayton233Independent
25%
Week 1 (12/6)7Dayton20Independent
25%
Week 13 (2/28)3Dayton222Independent
25%
Week 10 (2/7)2Dayton161Independent
25%
Week 9 (1/31)2Dayton141Independent
25%
Final Poll3Dayton233Independent
25%
Week 6 (1/10)2Dayton110Independent
25%
Week 8 (1/24)2Dayton140Independent
25%
Week 11 (2/14)2Dayton181Independent
25%
Week 12 (2/21)4Dayton202Independent
25%
Week 4 (12/27)2Dayton80Independent
25%
Week 7 (1/17)2Dayton120Independent
25%
Week 5 (1/3)3Dayton90Independent
25%
Week 2 (12/13)7Dayton40Independent
25%
Week 2 (12/13)6Duquesne30Independent
25%
Week 3 (12/20)20Duquesne42Independent
25%
Week 1 (12/6)9Duquesne10Independent
25%
Week 14 (3/6)12Holy Cross224Independent
25%
Week 1 (12/6)11Holy Cross10Independent
25%
Week 2 (12/13)10Holy Cross30Independent
25%
Final Poll14Holy Cross224Independent
25%
Week 6 (1/10)11Holy Cross92Independent
25%
Week 8 (1/24)11Holy Cross132Independent
25%
Week 3 (12/20)7Holy Cross50Independent
25%
Week 9 (1/31)14Holy Cross132Independent
25%
Week 7 (1/17)12Holy Cross112Independent
25%
Week 13 (2/28)15Holy Cross214Independent
25%
Week 11 (2/14)16Holy Cross173Independent
25%
Week 12 (2/21)17Holy Cross194Independent
25%
Week 4 (12/27)14Holy Cross51Independent
25%
Week 5 (1/3)14Holy Cross72Independent
25%
Week 10 (2/7)13Holy Cross162Independent
25%
Week 1 (12/6)18La Salle11Independent
25%
Week 9 (1/31)18Marshall132MAC
25%
Week 1 (12/6)12Oklahoma City20Independent
25%
Week 14 (3/6)16Oklahoma City186Independent
25%
Week 11 (2/14)14Oklahoma City164Independent
25%
Final Poll11Oklahoma City186Independent
25%
Week 10 (2/7)14Oklahoma City154Independent
25%
Week 4 (12/27)10Oklahoma City60Independent
25%
Week 7 (1/17)14Oklahoma City102Independent
25%
Week 13 (2/28)16Oklahoma City176Independent
25%
Week 9 (1/31)15Oklahoma City134Independent
25%
Week 2 (12/13)20Oklahoma City20Independent
25%
Week 3 (12/20)15Oklahoma City40Independent
25%
Week 12 (2/21)18Oklahoma City165Independent
25%
Week 6 (1/10)16Oklahoma City91Independent
25%
Week 8 (1/24)16Oklahoma City124Independent
25%
Week 12 (2/21)16St. Francis Brooklyn181Metro New York
25%
Week 8 (1/24)15St. Francis Brooklyn110Metro New York
25%
Week 11 (2/14)13St. Francis Brooklyn160Metro New York
25%
Week 9 (1/31)13St. Francis Brooklyn130Metro New York
25%
Week 10 (2/7)16St. Francis Brooklyn150Metro New York
25%
Week 12 (2/21)10Temple191Independent
25%
Week 7 (1/17)8Temple100Independent
25%
Week 13 (2/28)14Temple203Independent
25%
Final Poll15Temple233Independent
25%
Week 5 (1/3)16Temple60Independent
25%
Week 3 (12/20)12Temple50Independent
25%
Week 4 (12/27)18Temple50Independent
25%
Week 6 (1/10)10Temple80Independent
25%
Week 11 (2/14)9Temple171Independent
25%
Week 2 (12/13)11Temple30Independent
25%
Week 8 (1/24)6Temple110Independent
25%
Week 14 (3/6)13Temple213Independent
25%
Week 9 (1/31)7Temple130Independent
25%
Week 10 (2/7)9Temple141Independent
25%
Week 5 (1/3)15Tulsa101Missouri Valley
25%

Score Distribution

Percentile by Number Answered

Percent of People with Each Score

Your Score History

You have not taken this quiz